000 00492nam a2200205Ia 4500
003 OSt
005 20230417112025.0
008 210423s2010 xx 000 0 und d
020 _a9780415287531
040 _cAL
041 _aeng
082 _a930.1 FOUM
100 _aFOUCAULT (Michel).
_989243
245 _aArchaeology of knowledge.
260 _aLondon
_bRoutledge
_c2010
300 _avi,239
_bPB
365 _b325
_cINR
906 _aArchaeology ; knowledge.
942 _2ddc
_cBK
999 _c159930
_d159930